| 000 | 00421nam a2200169Ia 4500 | ||
|---|---|---|---|
| 008 | 230524s9999 xx 000 0 und d | ||
| 082 |
_a574.2 _bKUM |
||
| 100 | _aVinay Kumar | ||
| 245 | 0 | _aPathology Basic of Disease | |
| 250 | _a7TH | ||
| 260 |
_aNEW DELHI _bElsevier Pub _c2005 |
||
| 300 | _aXV;1449 | ||
| 500 | _aQuantity Number: 4 | ||
| 650 | _aBiomedical | ||
| 700 | _a" Abul K.Abbas , et.al,,," | ||
| 942 | _cBK | ||
| 999 |
_c33536 _d33536 |
||